<?xml version="1.0" encoding="UTF-8"?>
<record
    xmlns:xsi="http://www.w3.org/2001/XMLSchema-instance"
    xsi:schemaLocation="http://www.loc.gov/MARC21/slim http://www.loc.gov/standards/marcxml/schema/MARC21slim.xsd"
    xmlns="http://www.loc.gov/MARC21/slim">

  <leader>02635cam a22003735a 4500</leader>
  <controlfield tag="001">18298371</controlfield>
  <controlfield tag="005">20160825111433.0</controlfield>
  <controlfield tag="008">140911s2015    njua   frb    001 0 eng d</controlfield>
  <datafield tag="010" ind1=" " ind2=" ">
    <subfield code="a">  2014031897</subfield>
  </datafield>
  <datafield tag="020" ind1=" " ind2=" ">
    <subfield code="z">9781118929940 </subfield>
  </datafield>
  <datafield tag="020" ind1=" " ind2=" ">
    <subfield code="z">1118929942</subfield>
  </datafield>
  <datafield tag="040" ind1=" " ind2=" ">
    <subfield code="a">DLC</subfield>
    <subfield code="b">eng</subfield>
    <subfield code="c">DLC</subfield>
    <subfield code="d">EG-ScBUE </subfield>
  </datafield>
  <datafield tag="042" ind1=" " ind2=" ">
    <subfield code="a">pcc</subfield>
  </datafield>
  <datafield tag="043" ind1=" " ind2=" ">
    <subfield code="a">n-us---</subfield>
  </datafield>
  <datafield tag="082" ind1="0" ind2="4">
    <subfield code="2">22</subfield>
    <subfield code="a">332.6327</subfield>
    <subfield code="b">POZ</subfield>
  </datafield>
  <datafield tag="100" ind1="1" ind2=" ">
    <subfield code="a">Pozen, Robert C.</subfield>
    <subfield code="9">40887</subfield>
  </datafield>
  <datafield tag="245" ind1="1" ind2="4">
    <subfield code="a">The fund industry :</subfield>
    <subfield code="b">how your money is managed /</subfield>
    <subfield code="c">Robert Pozen and Theresa Hamacher.</subfield>
  </datafield>
  <datafield tag="250" ind1=" " ind2=" ">
    <subfield code="a">2nd ed. </subfield>
  </datafield>
  <datafield tag="260" ind1=" " ind2=" ">
    <subfield code="a">Hoboken, New Jersey :</subfield>
    <subfield code="b">Wiley,</subfield>
    <subfield code="c">2015.</subfield>
  </datafield>
  <datafield tag="300" ind1=" " ind2=" ">
    <subfield code="a">xvii, 525 p. :</subfield>
    <subfield code="b">ill. ;</subfield>
    <subfield code="c">24 cm.</subfield>
  </datafield>
  <datafield tag="490" ind1="0" ind2=" ">
    <subfield code="a">Wiley finance series</subfield>
  </datafield>
  <datafield tag="500" ind1=" " ind2=" ">
    <subfield code="a">Index : p. 493-525.</subfield>
  </datafield>
  <datafield tag="500" ind1=" " ind2=" ">
    <subfield code="a">First edition published by: John Wiley &amp; Sons, Inc., in 2011.</subfield>
  </datafield>
  <datafield tag="504" ind1=" " ind2=" ">
    <subfield code="a">Includes bibliographical references.</subfield>
  </datafield>
  <datafield tag="505" ind1="0" ind2=" ">
    <subfield code="a">An investor's guide to mutual funds: Investing through mutual funds -- How mutual funds work -- Researching funds: the user guides -- Comparing mutual funds -- The cost of fund ownership -- Mutual fund portfolio management : Portfolio management of stock funds -- Portfolio management of bond funds -- Appendix to Chapter 7: Funds and derivatives -- Portfolio management of money market funds -- Implementing Portfolio decisions: trading -- Mutual funds as stockholders -- Sales and operations : Retail distribution -- Retirement saving through 401 k plan -- Other retirement planning options -- Fund operations -- Beyond traditional funds : Exchange- traded funds -- Hedge funds -- The internationalization of mutual funds : Cross-border investing -- Cross-border asset gathering -- Appendix to chapter 18 : Gathering fund assets through retirement plans.</subfield>
  </datafield>
  <datafield tag="520" ind1=" " ind2=" ">
    <subfield code="a">Details how mutual funds are marketed, regulated, and invested in stocks and bonds. The book also describes the critical factors needed to choose a specific fund for your investment or retirement plan, including what to look for when reading prospectuses, shareholder reports and third party reviews. In addition, the book: Discusses the spread of mutual funds to Asia, Europe, and Latin America -- Compares mutual funds to other investment vehicles such as hedge funds and ETFs -- Shows how to sort mutual funds by categories and subcategories based on security type and investment objective.</subfield>
  </datafield>
  <datafield tag="650" ind1=" " ind2="7">
    <subfield code="a">Mutual funds</subfield>
    <subfield code="z">United States.</subfield>
    <subfield code="2">BUEsh</subfield>
    <subfield code="9">40889</subfield>
  </datafield>
  <datafield tag="650" ind1=" " ind2="7">
    <subfield code="a">Mutual funds.</subfield>
    <subfield code="9">36588</subfield>
    <subfield code="2">BUEsh</subfield>
  </datafield>
  <datafield tag="651" ind1=" " ind2=" ">
    <subfield code="2">BUEsh</subfield>
  </datafield>
  <datafield tag="653" ind1=" " ind2=" ">
    <subfield code="b">BUSADM</subfield>
    <subfield code="c">August 2016	</subfield>
  </datafield>
  <datafield tag="700" ind1="1" ind2=" ">
    <subfield code="a">Hamacher, Theresa.</subfield>
    <subfield code="9">40888</subfield>
  </datafield>
  <datafield tag="856" ind1=" " ind2=" ">
    <subfield code="k">pozen012</subfield>
    <subfield code="u">www.wiley.com/go/fundindustry2</subfield>
    <subfield code="y">Companion website</subfield>
  </datafield>
  <datafield tag="942" ind1=" " ind2=" ">
    <subfield code="2">ddc</subfield>
    <subfield code="e">22</subfield>
    <subfield code="k">332.6327 POZ</subfield>
  </datafield>
  <datafield tag="999" ind1=" " ind2=" ">
    <subfield code="c">22237</subfield>
    <subfield code="d">22209</subfield>
  </datafield>
  <datafield tag="952" ind1=" " ind2=" ">
    <subfield code="0">0</subfield>
    <subfield code="1">0</subfield>
    <subfield code="2">ddc</subfield>
    <subfield code="4">0</subfield>
    <subfield code="7">0</subfield>
    <subfield code="8">Academic</subfield>
    <subfield code="a">MAIN</subfield>
    <subfield code="b">MAIN</subfield>
    <subfield code="c">1ST</subfield>
    <subfield code="d">2016-08-25</subfield>
    <subfield code="e">Purchase</subfield>
    <subfield code="g">504.00</subfield>
    <subfield code="h">9154</subfield>
    <subfield code="l">0</subfield>
    <subfield code="o">332.6327 POZ</subfield>
    <subfield code="p">000033180</subfield>
    <subfield code="r">2025-07-15 00:00:00</subfield>
    <subfield code="v">630.00</subfield>
    <subfield code="y">BB</subfield>
  </datafield>
</record>
